000 00532nam a2200181Ia 4500
008 090123s9999 xx 000 0 und d
082 _b14603
_a891.463/आचार्य
100 _aआचार्य नयना शाम
245 _aउधान
250 _a1
260 _bपरिमल प्रकाशन
300 _a174
600 _aआचार्य नयना शाम
630 _aउधान
700 _aआचार्य नयना शाम
730 _aउधान
942 _cBOOK
999 _c52664
_d52664